[Event "Madrid ch Veteranos 2015-2016"]
[Site "Madrid ESP"]
[Date "2016.01.11"]
[Round "1.25"]
[White "Camarero Izquierdo, Juan Carlos"]
[Black "Suarez Mencia, Roberto"]
[Result "1-0"]
[WhiteElo "1861"]
[BlackElo "1454"]
[PlyCount "45"]
[EventDate "2016.01.11"]
[EventType "swiss"]
[EventRounds "9"]
[EventCountry "ESP"]
[Source "lmi"]
[SourceDate "2016.01.11"]

1. d4 Nf6 2. Nc3 g6 3. e4 d6 4. Be3 Bg7 5. Qd2 O-O 6. Bh6 Nc6 7. Bxg7 Kxg7 8.
h4 h5 9. O-O-O a6 10. f4 b5 11. d5 b4 12. dxc6 bxc3 13. Qxc3 Kg8 14. Bd3 Qe8
15. Nh3 a5 16. Ng5 Ng4 17. Rdf1 Ne3 18. Rf3 Nxg2 19. f5 Ba6 20. fxg6 fxg6 21.
Bxa6 Nf4 22. Bc4+ e6 23. Rhf1 1-0

[Event "Madrid ch Veteranos 2015-2016"]
[Site "Madrid ESP"]
[Date "2016.01.11"]
[Round "1.26"]
[White "Rufo Yebra, Benito"]
[Black "Campos Calvo-Sotelo, Juan"]
[Result "0-1"]
[WhiteElo "1450"]
[BlackElo "1849"]
[PlyCount "68"]
[EventDate "2016.01.11"]
[EventType "swiss"]
[EventRounds "9"]
[EventCountry "ESP"]
[Source "lmi"]
[SourceDate "2016.01.11"]

1. d4 b5 2. Bd2 Nf6 3. e3 Bb7 4. Nf3 a6 5. Bd3 e6 6. a3 c5 7. dxc5 Bxc5 8. b4
Be7 9. Nc3 d5 10. Ne2 Nbd7 11. Bc3 O-O 12. Ng3 Rc8 13. Bd4 Qc7 14. Bxf6 Bxf6
15. Ra2 Bc3+ 16. Nd2 d4 17. O-O dxe3 18. fxe3 f5 19. Nb3 Bd5 20. Bxf5 Bxb3 21.
Bxh7+ Kxh7 22. Rxf8 Rxf8 23. Qd3+ Kg8 24. cxb3 Be1 25. Ne2 Qe5 26. Nd4 Qf6 27.
Nf3 Ne5 28. Nxe5 Qxe5 29. a4 Bxb4 30. axb5 axb5 31. Qd4 Qf5 32. Qd1 Bc5 33. Re2
Bxe3+ 34. Rxe3 Qf2+ 0-1

[Event "Madrid ch Veteranos 2015-2016"]
[Site "Madrid ESP"]
[Date "2016.01.11"]
[Round "1.27"]
[White "Osorio Ramos, Francisco"]
[Black "Sanchez Lucena, Juan"]
[Result "1-0"]
[WhiteElo "1834"]
[BlackElo "1440"]
[PlyCount "79"]
[EventDate "2016.01.11"]
[EventType "swiss"]
[EventRounds "9"]
[EventCountry "ESP"]
[Source "lmi"]
[SourceDate "2016.01.11"]

1. d4 d5 2. c4 e6 3. Nc3 Nf6 4. Nf3 c5 5. e3 cxd4 6. exd4 dxc4 7. Bxc4 Be7 8.
O-O O-O 9. a3 Qc7 10. Qe2 Bd6 11. Nb5 Qb6 12. Nxd6 Qxd6 13. Bg5 Nd5 14. Rfe1 a6
15. Rac1 b5 16. Ba2 Bb7 17. Bb1 Nd7 18. Bh4 Nf4 19. Qc2 Ng6 20. Bg3 Qe7 21. h4
Bxf3 22. gxf3 Nf6 23. Qd3 Rad8 24. Rc7 Rd7 25. Rec1 Nh5 26. Rxd7 Qxd7 27. Rc7
Qd8 28. Rc5 Nxg3 29. fxg3 f5 30. Ba2 Rf6 31. Qc3 Qd6 32. f4 Nf8 33. Rc6 Qd7 34.
Rxa6 Rg6 35. Kh2 Kh8 36. Ra8 Rf6 37. Qc5 Kg8 38. d5 Qb7 39. Ra7 Qb8 40. d6 1-0

[Event "Madrid ch Veteranos 2015-2016"]
[Site "Madrid ESP"]
[Date "2016.01.11"]
[Round "1.29"]
[White "Sanchez Hernandez, Guillermo"]
[Black "Navarro Corredor, Angel"]
[Result "1-0"]
[WhiteElo "1824"]
[BlackElo "1395"]
[PlyCount "63"]
[EventDate "2016.01.11"]
[EventType "swiss"]
[EventRounds "9"]
[EventCountry "ESP"]
[Source "lmi"]
[SourceDate "2016.01.11"]

1. e4 c5 2. Nf3 d6 3. d4 Nd7 4. Be3 cxd4 5. Nxd4 Ngf6 6. Nc3 g6 7. f3 Bg7 8.
Qd2 Ne5 9. Bh6 O-O 10. Bxg7 Kxg7 11. O-O-O Bd7 12. h4 Qc8 13. h5 Kg8 14. Qh6 e6
15. Ndb5 Bxb5 16. Nxb5 Rd8 17. Qg5 Ne8 18. hxg6 fxg6 19. Nxd6 Rxd6 20. Rxd6 Nf7
21. Qh4 Nexd6 22. Qxh7+ Kf8 23. Qxg6 Ke7 24. Rh7 Qg8 25. Rg7 Qf8 26. e5 Ne8 27.
Rh7 Rd8 28. Bc4 Nc7 29. Qf6+ Ke8 30. Bxe6 Nxe6 31. Qxe6+ Qe7 32. Qg6 1-0

[Event "Madrid ch Veteranos 2015-2016"]
[Site "Madrid ESP"]
[Date "2016.01.11"]
[Round "1.30"]
[White "Martin Rodriguez, Jose Luis"]
[Black "Alvarez Escudero, Manuel"]
[Result "0-1"]
[WhiteElo "1313"]
[BlackElo "1820"]
[PlyCount "58"]
[EventDate "2016.01.11"]
[EventType "swiss"]
[EventRounds "9"]
[EventCountry "ESP"]
[Source "lmi"]
[SourceDate "2016.01.11"]

1. e4 e5 2. Nf3 Nc6 3. d4 exd4 4. Nxd4 d6 5. Be3 Nf6 6. Nc3 Be7 7. Qd2 Ne5 8.
h3 O-O 9. f4 Nc6 10. g4 h6 11. O-O-O Nxd4 12. Bxd4 b6 13. Rg1 Bb7 14. Bd3 c5
15. Be3 b5 16. e5 dxe5 17. fxe5 b4 18. Ne2 Nd5 19. Kb1 Nxe3 20. Qxe3 Qc7 21.
Bc4 a5 22. g5 Bxg5 23. Rxg5 hxg5 24. Qxg5 Rfe8 25. Rf1 Re7 26. Qf5 Ba6 27. Bd3
Bxd3 28. Qxd3 Qxe5 29. Rf2 Rae8 0-1

[Event "Madrid ch Veteranos 2015-2016"]
[Site "Madrid ESP"]
[Date "2016.01.11"]
[Round "1.31"]
[White "Lopez Heras, Arturo"]
[Black "Perez Ramos, Miguel Angel"]
[Result "1-0"]
[WhiteElo "1809"]
[BlackElo "1259"]
[PlyCount "84"]
[EventDate "2016.01.11"]
[EventType "swiss"]
[EventRounds "9"]
[EventCountry "ESP"]
[Source "lmi"]
[SourceDate "2016.01.11"]

1. e4 e5 2. f4 Nc6 3. Nf3 d6 4. Bb5 Bd7 5. d3 Be7 6. O-O Nf6 7. Bxc6 Bxc6 8.
Kh1 O-O 9. fxe5 Nd7 10. exd6 cxd6 11. Nc3 Ne5 12. d4 Nxf3 13. Qxf3 Bg5 14. Bxg5
Qxg5 15. Rae1 Rae8 16. Qf5 Qxf5 17. exf5 f6 18. Kg1 a6 19. Kf2 b5 20. a3 Bd7
21. g4 g5 22. Rxe8 Rxe8 23. Re1 Rxe1 24. Kxe1 Kg7 25. Kf2 Be8 26. Ke3 h5 27. h3
h4 28. d5 Kf7 29. Kd4 Ke7 30. Ne4 Bd7 31. b4 Be8 32. Nc3 Bd7 33. Ke4 Be8 34.
Ne2 Bd7 35. Nd4 Kd8 36. Nc6+ Kc7 37. Ne7 Kd8 38. Ng8 Be8 39. Nxf6 Ke7 40. Nxe8
Kxe8 41. f6 Kf7 42. Kf5 Kf8 1-0

[Event "Madrid ch Veteranos 2015-2016"]
[Site "Madrid ESP"]
[Date "2016.01.12"]
[Round "2.1"]
[White "Lopez Ziegler, Carlos"]
[Black "Elissalt Cardenas, Hector"]
[Result "0-1"]
[WhiteElo "1933"]
[BlackElo "2358"]
[PlyCount "102"]
[EventDate "2016.01.11"]
[EventType "swiss"]
[EventRounds "9"]
[EventCountry "ESP"]
[Source "lmi"]
[SourceDate "2016.01.11"]

1. e4 d6 2. d4 Nf6 3. Nc3 e5 4. Nf3 Nbd7 5. h3 Be7 6. Bc4 c6 7. a4 O-O 8. O-O
a5 9. Ba2 h6 10. Re1 Nh7 11. Be3 Ng5 12. Qe2 Bf6 13. dxe5 Nxf3+ 14. Qxf3 dxe5
15. Rad1 Qe7 16. Qe2 Bg5 17. Bxg5 Qxg5 18. Rd3 Nc5 19. Rg3 Qe7 20. Qe3 Kh7 21.
Bc4 Be6 22. Be2 g5 23. b3 Rad8 24. Rd1 f6 25. Bf1 Rxd1 26. Nxd1 Rd8 27. Nb2 Rd4
28. Bd3 b6 29. Qe2 Qd7 30. Re3 Qd8 31. c3 Rd7 32. b4 axb4 33. cxb4 Nb3 34. Bc4
Nd4 35. Qh5 b5 36. axb5 cxb5 37. Bf1 Ra7 38. Re1 Ra2 39. Nd3 Kg7 40. Nc5 Bf7
41. Qd1 Qa8 42. Qb1 Qa3 43. Qd3 Qxb4 44. Rc1 Bc4 45. Rxc4 bxc4 46. Qxc4 Qd2 47.
Nd3 Ra1 48. Qc7+ Kg6 49. Qd6 Rxf1+ 50. Kxf1 Qxd3+ 51. Kg1 Ne2+ 0-1

[Event "Madrid ch Veteranos 2015-2016"]
[Site "Madrid ESP"]
[Date "2016.01.12"]
[Round "2.2"]
[White "Nuñez Muñoz, Jesus"]
[Black "Garcia Martin, Esteban"]
[Result "0-1"]
[WhiteElo "2222"]
[BlackElo "1894"]
[PlyCount "102"]
[EventDate "2016.01.11"]
[EventType "swiss"]
[EventRounds "9"]
[EventCountry "ESP"]
[Source "lmi"]
[SourceDate "2016.01.11"]

1. e4 c5 2. Nf3 d6 3. d4 cxd4 4. Nxd4 Nf6 5. Nc3 g6 6. Be3 Bg7 7. f3 a6 8. Qd2
Nbd7 9. O-O-O b5 10. Kb1 Bb7 11. Bh6 Bxh6 12. Qxh6 b4 13. Nce2 Qc7 14. Ng3 Rc8
15. Bd3 Ne5 16. Rhe1 Qc5 17. Nb3 Qb6 18. Nf1 a5 19. Qe3 Qc7 20. Rc1 a4 21. Bb5+
Bc6 22. Nd4 Bxb5 23. Nxb5 Qa5 24. Nd4 O-O 25. Qe2 Rc5 26. Ne3 Rfc8 27. Red1 Qc7
28. Qd2 Qb7 29. Ne2 Nc4 30. Nxc4 Rxc4 31. c3 bxc3 32. Rxc3 Nd7 33. Rdc1 Ne5 34.
Ka1 Rxc3 35. Rxc3 Rxc3 36. Qxc3 Qb5 37. Qc2 Nc4 38. Nc3 Qb6 39. a3 Ne3 40. Qxa4
Nxg2 41. Qe8+ Kg7 42. Qxe7 Nf4 43. Qd7 Nd3 44. Qb5 Qg1+ 45. Nb1 Qd1 46. Qc4 Nc1
47. Qxc1 Qxc1 48. Ka2 Qc4+ 49. Ka1 f5 50. exf5 gxf5 51. Nc3 d5 0-1

[Event "Madrid ch Veteranos 2015-2016"]
[Site "Madrid ESP"]
[Date "2016.01.12"]
[Round "2.3"]
[White "Garcia Gutierrez, Jose"]
[Black "Martin Rodriguez, Emilio"]
[Result "1-0"]
[WhiteElo "1907"]
[BlackElo "2142"]
[PlyCount "111"]
[EventDate "2016.01.11"]
[EventType "swiss"]
[EventRounds "9"]
[EventCountry "ESP"]
[Source "lmi"]
[SourceDate "2016.01.11"]

1. g3 d5 2. Bg2 Nf6 3. b3 g6 4. Bb2 Bg7 5. e3 O-O 6. Nf3 c5 7. O-O Nc6 8. Ne5
Qc7 9. Nxc6 bxc6 10. d3 a5 11. Nc3 d4 12. Na4 Nd5 13. Qf3 Qd6 14. e4 Nc3 15.
Nb6 Ra7 16. Nc4 Qb8 17. Ba3 Qb5 18. Rfe1 Be6 19. Bb2 a4 20. Bxc3 dxc3 21. e5
Bd5 22. Qf4 Rfa8 23. Rab1 Qa6 24. Qe3 axb3 25. axb3 Qb5 26. f4 Ra2 27. Qf2 e6
28. Nd6 Qb4 29. Ne4 R8a5 30. Rec1 Qd4 31. b4 Qxf2+ 32. Kxf2 cxb4 33. Rxb4 Bf8
34. Rb8 Bxe4 35. Bxe4 Rb5 36. Rxb5 cxb5 37. d4 Be7 38. Ke3 b4 39. Kd3 Kg7 40.
d5 exd5 41. Bxd5 Ra7 42. Ke4 h5 43. Rd1 Rd7 44. Ra1 Bc5 45. Ra6 Kf8 46. Rc6 Be7
47. h3 Ra7 48. g4 hxg4 49. hxg4 Rd7 50. f5 gxf5+ 51. gxf5 Bd8 52. Rc8 f6 53.
exf6 Ke8 54. Ke5 Rc7 55. f7+ Ke7 56. Rxd8 1-0

[Event "Madrid ch Veteranos 2015-2016"]
[Site "Madrid ESP"]
[Date "2016.01.12"]
[Round "2.4"]
[White "Casares Ripoll, Fernando"]
[Black "Camarero Izquierdo, Juan Carlos"]
[Result "1-0"]
[WhiteElo "2133"]
[BlackElo "1861"]
[PlyCount "71"]
[EventDate "2016.01.11"]
[EventType "swiss"]
[EventRounds "9"]
[EventCountry "ESP"]
[Source "lmi"]
[SourceDate "2016.01.11"]

1. d4 f5 2. e4 fxe4 3. Nc3 Nf6 4. Bg5 g6 5. Bc4 Bg7 6. Nge2 c6 7. d5 b5 8. Bb3
b4 9. Bxf6 Bxf6 10. Nxe4 Bxb2 11. O-O Bxa1 12. Qxa1 O-O 13. dxc6+ d5 14. c7 Qd7
15. cxb8=Q Rxb8 16. Rd1 Bb7 17. Qd4 h6 18. Nc5 Qb5 19. c4 Qe8 20. cxd5 Kh7 21.
Ne6 Rf6 22. Ng3 Bc8 23. Ne4 Rf7 24. d6 Bxe6 25. Bxe6 Rf8 26. Qxa7 Ra8 27. Qxe7+
Qxe7 28. dxe7 Rf4 29. f3 Re8 30. Rd7 Kg7 31. Nd6 Kf6 32. Nxe8+ Kxe6 33. Rb7 Rf7
34. Nc7+ Kxe7 35. Nd5+ Ke6 36. Rxf7 1-0

[Event "Madrid ch Veteranos 2015-2016"]
[Site "Madrid ESP"]
[Date "2016.01.12"]
[Round "2.5"]
[White "Viñas Lopez, Carlos"]
[Black "Pastor Alonso de Prado, Alberto Emilio"]
[Result "0-1"]
[WhiteElo "1903"]
[BlackElo "2115"]
[PlyCount "66"]
[EventDate "2016.01.11"]
[EventType "swiss"]
[EventRounds "9"]
[EventCountry "ESP"]
[Source "lmi"]
[SourceDate "2016.01.11"]

1. d4 d5 2. c4 e6 3. Nc3 Nf6 4. cxd5 exd5 5. Bg5 c6 6. Qc2 Nbd7 7. e3 Be7 8.
Bd3 O-O 9. Nf3 Re8 10. O-O h6 11. Bxf6 Nxf6 12. Rab1 Bd6 13. b4 Qe7 14. b5 Bd7
15. bxc6 Bxc6 16. Qb3 Rad8 17. Bb5 Bxb5 18. Qxb5 Rd7 19. Rfc1 Rc8 20. Ne2 Rxc1+
21. Rxc1 Rc7 22. Qb1 Ne4 23. Ng3 Bxg3 24. hxg3 Nc3 25. Rxc3 Rxc3 26. Qb5 Rc1+
27. Kh2 Rc2 28. Qxd5 Rxf2 29. e4 Qa3 30. Nh4 Qxa2 31. Qxb7 g5 32. Nf5 Rxg2+ 33.
Kh3 Rh2+ 0-1

[Event "Madrid ch Veteranos 2015-2016"]
[Site "Madrid ESP"]
[Date "2016.01.12"]
[Round "2.6"]
[White "Fernandez Garcia, Ignacio"]
[Black "Gonzalez Rivera, Eduardo"]
[Result "1/2-1/2"]
[WhiteElo "1875"]
[BlackElo "2059"]
[PlyCount "93"]
[EventDate "2016.01.11"]
[EventType "swiss"]
[EventRounds "9"]
[EventCountry "ESP"]
[Source "lmi"]
[SourceDate "2016.01.11"]

1. e4 e5 2. Nf3 Nc6 3. Bc4 Nf6 4. Nc3 Bc5 5. a3 d6 6. h3 O-O 7. d3 h6 8. g4 Nh7
9. Be3 Nd4 10. Bxd4 Bxd4 11. Nxd4 exd4 12. Ne2 c5 13. Ng3 Be6 14. f4 d5 15.
exd5 Bxd5 16. Bxd5 Qxd5 17. O-O Rfe8 18. Qf3 Nf6 19. Qxd5 Nxd5 20. Rf2 Re3 21.
Kg2 Rae8 22. b4 cxb4 23. axb4 a6 24. Nf5 Re2 25. Nxd4 Nxf4+ 26. Kf1 Rxf2+ 27.
Kxf2 Nxh3+ 28. Kf3 Ng5+ 29. Kf2 Ne6 30. Re1 Rc8 31. Ke3 Nxd4 32. Kxd4 Rxc2 33.
Re7 Rg2 34. Re8+ Kh7 35. Re4 b6 36. Ke5 a5 37. bxa5 bxa5 38. d4 a4 39. d5 a3
40. Ra4 a2 41. d6 Re2+ 42. Kd5 g6 43. d7 Rd2+ 44. Kc6 Rc2+ 45. Kb7 Rd2 46. Kc8
Rc2+ 47. Kb7 1/2-1/2

[Event "Madrid ch Veteranos 2015-2016"]
[Site "Madrid ESP"]
[Date "2016.01.12"]
[Round "2.7"]
[White "Campos Calvo-Sotelo, Juan"]
[Black "Gonzalez Mateos, Rafael"]
[Result "0-1"]
[WhiteElo "1849"]
[BlackElo "1986"]
[PlyCount "104"]
[EventDate "2016.01.11"]
[EventType "swiss"]
[EventRounds "9"]
[EventCountry "ESP"]
[Source "lmi"]
[SourceDate "2016.01.11"]

1. b4 e5 2. a3 d5 3. e3 Bd6 4. c4 c6 5. Bb2 Nf6 6. Nf3 Qe7 7. Nc3 a6 8. Qb3
dxc4 9. Bxc4 O-O 10. O-O b5 11. Be2 e4 12. Nd4 Qe5 13. f4 exf3 14. Nxf3 Qe7 15.
Rac1 Nbd7 16. Nd1 c5 17. bxc5 Nxc5 18. Bxf6 Nxb3 19. Bxe7 Bxe7 20. Rc3 Be6 21.
Nd4 Nxd4 22. exd4 Bf6 23. Rxf6 gxf6 24. Nf2 Rfd8 25. Rg3+ Kf8 26. Ne4 Ke7 27.
Bf3 Rac8 28. Nc5 Rxd4 29. Nxe6 fxe6 30. Rg7+ Kd6 31. Rxh7 Rxd2 32. h4 Rc1+ 33.
Kh2 Rc3 34. Kg3 Rxa3 35. h5 Ra1 36. Ra7 Rc2 37. h6 Rc8 38. h7 Rh8 39. Bh5 b4
40. Bg6 Ra5 41. Kf3 f5 42. Ke2 Ke5 43. Rg7 Ra2+ 44. Kd3 Rxg2 45. Rg8 Rxh7 46.
Bxh7 Rxg8 47. Bxg8 a5 48. Kc4 f4 49. Bh7 f3 50. Bd3 Kf4 51. Kb5 f2 52. Kc4 Ke3
0-1

[Event "Madrid ch Veteranos 2015-2016"]
[Site "Madrid ESP"]
[Date "2016.01.12"]
[Round "2.8"]
[White "Lopez Peral, Enrique"]
[Black "Martin Martin, Luis Vicente"]
[Result "1/2-1/2"]
[WhiteElo "1827"]
[BlackElo "1967"]
[PlyCount "76"]
[EventDate "2016.01.11"]
[EventType "swiss"]
[EventRounds "9"]
[EventCountry "ESP"]
[Source "lmi"]
[SourceDate "2016.01.11"]

1. c4 e5 2. Nc3 Nf6 3. Nf3 Nc6 4. d4 exd4 5. Nxd4 Bb4 6. Qd3 O-O 7. Nxc6 bxc6
8. a3 Be7 9. g3 d5 10. Bg2 Ba6 11. b3 Rb8 12. Qc2 d4 13. Ne4 c5 14. O-O Bb7 15.
Nxf6+ Bxf6 16. Rb1 Bxg2 17. Kxg2 a5 18. Rd1 Rb6 19. e3 Qa8+ 20. f3 Rfb8 21. Rd3
Qb7 22. Bd2 Qa8 23. exd4 cxd4 24. b4 axb4 25. Rxb4 c5 26. Rxb6 Rxb6 27. Rb3
Rxb3 28. Qxb3 h5 29. Bf4 Qe8 30. Qb8 Qxb8 31. Bxb8 Kf8 32. a4 Ke8 33. a5 Kd7
34. a6 Kc6 35. a7 Kb7 36. Bd6 d3 37. Kf1 Bd4 38. Bb8 g6 1/2-1/2

[Event "Madrid ch Veteranos 2015-2016"]
[Site "Madrid ESP"]
[Date "2016.01.12"]
[Round "2.9"]
[White "Cabañas Bravo, Juan Andres"]
[Black "Osorio Ramos, Francisco"]
[Result "1-0"]
[WhiteElo "1957"]
[BlackElo "1834"]
[PlyCount "49"]
[EventDate "2016.01.11"]
[EventType "swiss"]
[EventRounds "9"]
[EventCountry "ESP"]
[Source "lmi"]
[SourceDate "2016.01.11"]

1. e4 c5 2. Nf3 d6 3. d4 cxd4 4. Nxd4 Nf6 5. Nc3 a6 6. Bg5 Nbd7 7. Bc4 h6 8.
Bh4 b5 9. Nd5 Bb7 10. Nxf6+ Nxf6 11. Bb3 Bxe4 12. Bxf6 gxf6 13. Qg4 Bg6 14. f4
h5 15. Qf3 e6 16. f5 Bxf5 17. Qc6+ Ke7 18. Nxf5+ exf5 19. Qb7+ Qd7 20. Qxa8 Bg7
21. Qf3 Bh6 22. O-O h4 23. Rae1+ Kf8 24. Qxf5 Qc7 25. Qxf6 1-0

[Event "Madrid ch Veteranos 2015-2016"]
[Site "Madrid ESP"]
[Date "2016.01.12"]
[Round "2.10"]
[White "Alvarez Escudero, Manuel"]
[Black "Sotoca Aguado, Jose"]
[Result "1/2-1/2"]
[WhiteElo "1820"]
[BlackElo "1952"]
[PlyCount "116"]
[EventDate "2016.01.11"]
[EventType "swiss"]
[EventRounds "9"]
[EventCountry "ESP"]
[Source "lmi"]
[SourceDate "2016.01.11"]

1. e4 c5 2. Nf3 d6 3. b3 Nc6 4. Bb2 Nf6 5. e5 dxe5 6. Nxe5 Nxe5 7. Bxe5 e6 8.
Bb5+ Bd7 9. Qe2 Be7 10. Nc3 a6 11. Bxd7+ Qxd7 12. Ne4 Nxe4 13. Qxe4 O-O 14. Bc3
Rad8 15. O-O b5 16. d3 Qd5 17. Rfe1 Qxe4 18. Rxe4 Rd5 19. Rae1 b4 20. Bb2 a5
21. a4 Rfd8 22. f4 Bf6 23. Bxf6 gxf6 24. g4 Kg7 25. Rc4 h5 26. h3 Kg6 27. Kg2
R8d6 28. Kg3 hxg4 29. hxg4 Rd8 30. Rh1 e5 31. f5+ Kg7 32. Kf3 R8d7 33. Rh5 Rc7
34. Rh2 Rd4 35. Re2 Kf8 36. Re4 Ke7 37. g5 Rxc4 38. gxf6+ Kxf6 39. Rxc4 Kxf5
40. Rh4 Ke6 41. Rh8 f5 42. Ra8 Kd5 43. Rxa5 Rh7 44. Ra8 e4+ 45. Kf4 exd3 46.
Rd8+ Kc6 47. Rxd3 Rh2 48. c3 Rf2+ 49. Ke5 f4 50. cxb4 cxb4 51. Rd4 f3 52. Ke4
Rc2 53. Kxf3 Rc3+ 54. Ke4 Rxb3 55. Rd3 Rb1 56. Kd4 Kb6 57. Kc4 Ka5 58. Rd8 Kb6
1/2-1/2

[Event "Madrid ch Veteranos 2015-2016"]
[Site "Madrid ESP"]
[Date "2016.01.12"]
[Round "2.12"]
[White "Serrano Garcia, Vicente"]
[Black "Vukotic Jovsic, Dragan"]
[Result "1/2-1/2"]
[WhiteElo "1802"]
[BlackElo "1947"]
[PlyCount "88"]
[EventDate "2016.01.11"]
[EventType "swiss"]
[EventRounds "9"]
[EventCountry "ESP"]
[Source "lmi"]
[SourceDate "2016.01.11"]

1. d4 Nf6 2. Nf3 d5 3. Bf4 Bf5 4. e3 e6 5. Nbd2 Bd6 6. Ne5 O-O 7. c4 c5 8. Be2
Nc6 9. Nxc6 bxc6 10. Bxd6 Qxd6 11. dxc5 Qxc5 12. O-O Rfb8 13. Nb3 Qb6 14. Nd4
Bg6 15. b3 a5 16. Rc1 Rc8 17. Bd3 Bxd3 18. Qxd3 a4 19. cxd5 exd5 20. Rc2 axb3
21. axb3 g6 22. Rfc1 Ra3 23. Nxc6 Kg7 24. Nd4 Rxc2 25. Qxc2 Qa5 26. h3 Ne4 27.
Qc7 Qxc7 28. Rxc7 Ra1+ 29. Kh2 Nxf2 30. b4 h5 31. Kg3 Ne4+ 32. Kf4 Rh1 33. b5
Nd6 34. Rc5 f6 35. Rxd5 Rf1+ 36. Nf3 g5+ 37. Kg3 Ne4+ 38. Kh2 h4 39. b6 Ng3 40.
Ng1 Rb1 41. Rd7+ Kf8 42. b7 Nf1+ 43. Kh1 Ng3+ 44. Kh2 Nf1+ 1/2-1/2

[Event "Madrid ch Veteranos 2015-2016"]
[Site "Madrid ESP"]
[Date "2016.01.12"]
[Round "2.13"]
[White "Gil Sierra, Jacinto"]
[Black "Lopez Heras, Arturo"]
[Result "1-0"]
[WhiteElo "1938"]
[BlackElo "1809"]
[PlyCount "49"]
[EventDate "2016.01.11"]
[EventType "swiss"]
[EventRounds "9"]
[EventCountry "ESP"]
[Source "lmi"]
[SourceDate "2016.01.11"]

1. e4 e5 2. Nf3 Nc6 3. Bb5 f5 4. Nc3 fxe4 5. Nxe4 Nf6 6. Qe2 Qe7 7. d3 d5 8.
Ned2 e4 9. dxe4 dxe4 10. Nd4 Bd7 11. Bxc6 bxc6 12. O-O c5 13. Nb5 Bc6 14. Re1
Kd7 15. Nb3 Qe5 16. Be3 Bd6 17. Nxd6 cxd6 18. Rad1 Kc7 19. Qd2 Nd5 20. Qa5+ Kb7
21. Bxc5 dxc5 22. Nxc5+ Kc8 23. Qa6+ Kc7 24. Rxe4 Qf6 25. Re6 1-0

[Event "Madrid ch Veteranos 2015-2016"]
[Site "Madrid ESP"]
[Date "2016.01.12"]
[Round "2.14"]
[White "Lopez de Turiso, Jose Angel"]
[Black "Martinez Carrasco, Jesus"]
[Result "1-0"]
[WhiteElo "2083"]
[BlackElo "1561"]
[PlyCount "63"]
[EventDate "2016.01.11"]
[EventType "swiss"]
[EventRounds "9"]
[EventCountry "ESP"]
[Source "lmi"]
[SourceDate "2016.01.11"]

1. d4 Nf6 2. c4 g6 3. Nc3 Bg7 4. e4 d6 5. Be2 O-O 6. Nf3 b6 7. Bf4 Bb7 8. e5
Nfd7 9. exd6 exd6 10. Qd2 Re8 11. O-O-O Nc6 12. Bh6 Nf6 13. h4 Bxh6 14. Qxh6
Ng4 15. Qf4 Nxf2 16. Ng5 f6 17. Nxh7 Kxh7 18. Qxf2 Qe7 19. h5 Qe3+ 20. Qxe3
Rxe3 21. hxg6+ Kxg6 22. Bd3+ f5 23. g4 Nxd4 24. gxf5+ Nxf5 25. Rhg1+ Kf6 26.
Rgf1 Bf3 27. Nd5+ Bxd5 28. Rxf5+ Ke7 29. cxd5 Rg8 30. Bb5 Rg2 31. Rdf1 Rg7 32.
Rf8 1-0

[Event "Madrid ch Veteranos 2015-2016"]
[Site "Madrid ESP"]
[Date "2016.01.12"]
[Round "2.15"]
[White "Serrano Baylin, Francisco"]
[Black "Pashov, Spas Nikolov"]
[Result "1-0"]
[WhiteElo "1988"]
[BlackElo "1722"]
[PlyCount "87"]
[EventDate "2016.01.11"]
[EventType "swiss"]
[EventRounds "9"]
[EventCountry "ESP"]
[Source "lmi"]
[SourceDate "2016.01.11"]

1. c4 Nf6 2. g3 c6 3. Bg2 d5 4. cxd5 cxd5 5. Nf3 e6 6. O-O Nc6 7. d4 Ne4 8. Nc3
Nxc3 9. bxc3 Bd6 10. Re1 f5 11. Bg5 Qc7 12. c4 O-O 13. cxd5 exd5 14. Qb3 Be6
15. Rab1 Rab8 16. Rec1 Rfc8 17. e3 Qd7 18. Qb5 b6 19. Nd2 Bf8 20. Bf4 Rb7 21.
Nf3 Bd6 22. Bxd6 Qxd6 23. Ng5 Rd7 24. Rc2 Ne7 25. Rbc1 Rxc2 26. Rxc2 h6 27. Nf3
Rc7 28. Qe8+ Kh7 29. Rxc7 Qxc7 30. Ne5 f4 31. h4 fxg3 32. fxg3 Bf5 33. Nf7 Qc1+
34. Kh2 Qxe3 35. Qh8+ Kg6 36. Ne5+ Kf6 37. Qf8+ Ke6 38. Qf7+ Kd6 39. Qxg7 Be6
40. Qf8 Qxd4 41. Qb8+ Kc5 42. Qc7+ Kb5 43. Bf1+ Kb4 44. Qxe7+ 1-0

[Event "Madrid ch Veteranos 2015-2016"]
[Site "Madrid ESP"]
[Date "2016.01.12"]
[Round "2.16"]
[White "Marcos Herrero, Francisco"]
[Black "Benitez Cadenas, Luis Miguel"]
[Result "1-0"]
[WhiteElo "1982"]
[BlackElo "1681"]
[PlyCount "43"]
[EventDate "2016.01.11"]
[EventType "swiss"]
[EventRounds "9"]
[EventCountry "ESP"]
[Source "lmi"]
[SourceDate "2016.01.11"]

1. Nf3 Nf6 2. c4 e6 3. g3 d5 4. d4 dxc4 5. Bg2 Nc6 6. O-O Rb8 7. a4 a6 8. b3
cxb3 9. Bb2 Na5 10. Nbd2 c5 11. Nxb3 Nxb3 12. Qxb3 Qd5 13. Qc2 Qe4 14. Qd2 Qc6
15. Rfc1 Qb6 16. Rab1 cxd4 17. Bxd4 Qd8 18. Qb2 Bd6 19. e4 Nh5 20. Bxg7 Rg8 21.
Be5 Ke7 22. Rd1 1-0

[Event "Madrid ch Veteranos 2015-2016"]
[Site "Madrid ESP"]
[Date "2016.01.12"]
[Round "2.17"]
[White "Veuthey Martinez, Eloy"]
[Black "Caballero Cuno, Jose Domingo"]
[Result "1/2-1/2"]
[WhiteElo "1536"]
[BlackElo "1914"]
[PlyCount "54"]
[EventDate "2016.01.11"]
[EventType "swiss"]
[EventRounds "9"]
[EventCountry "ESP"]
[Source "lmi"]
[SourceDate "2016.01.11"]

1. d4 d5 2. Nf3 Nf6 3. e3 c5 4. c3 e6 5. Bd3 Nbd7 6. O-O Bd6 7. Nbd2 O-O 8. Re1
e5 9. e4 dxe4 10. Nxe4 Nxe4 11. Bxe4 exd4 12. cxd4 Nf6 13. dxc5 Bxc5 14. Bg5
Qxd1 15. Raxd1 Nxe4 16. Rxe4 Be6 17. a3 h6 18. Be3 Bxe3 19. Rxe3 Rac8 20. Re2
Rfd8 21. Rxd8+ Rxd8 22. h3 Kf8 23. Rd2 Rxd2 24. Nxd2 Ke7 25. Kf1 Kd6 26. Ke2
Kd5 27. Ke3 a5 1/2-1/2

[Event "Madrid ch Veteranos 2015-2016"]
[Site "Madrid ESP"]
[Date "2016.01.12"]
[Round "2.18"]
[White "Romero Jaime, Pedro"]
[Black "Rueda Maria, Ramiro"]
[Result "0-1"]
[WhiteElo "1553"]
[BlackElo "1904"]
[PlyCount "48"]
[EventDate "2016.01.11"]
[EventType "swiss"]
[EventRounds "9"]
[EventCountry "ESP"]
[Source "lmi"]
[SourceDate "2016.01.11"]

1. d4 Nf6 2. c4 e6 3. f3 d5 4. Nc3 c5 5. Bf4 Bd6 6. Be3 cxd4 7. Bxd4 e5 8. Bf2
d4 9. Nb1 Qa5+ 10. Nd2 Be6 11. a3 Bxc4 12. b4 Qa6 13. Nxc4 Qxc4 14. Rc1 Qa6 15.
Rc8+ Kd7 16. e4 Qxa3 17. Rxh8 Bxb4+ 18. Ke2 Qa2+ 19. Kd3 Na6 20. Bxd4 Rxh8 21.
Bxa7 Ke7 22. Ke3 Rd8 23. Bd3 Nc5 24. Bc4 Qa3+ 0-1